000 00798cam a2200289 4500
999 _c128836
_d128836
001 2681651
003 ARRUPE
005 20190129092544.0
008 740307s1971 enka b 001 0 eng
010 _a 74157027
015 _aGB***
020 _a0273403273
040 _aDLC
_cDLC
_dDLC
050 0 0 _aSPC. BF1999
_b.U56 1972
082 0 0 _a913.3/62/031
100 1 _aUnderwood, Guy.
_944210
245 1 4 _aThe pattern of the past.
_cGuy Underwood
260 _aLondon
_bAbacus
_c1972
300 _a192 p.
_billus.
_c23 cm.
350 _a£1.50
504 _aBibliography: p. 188.
650 0 _aChurches
_944211
650 0 _aStonehenge
_944212
650 0 _aCathedrals.
_944213
650 0 _aDivining
_xRod
_944214
906 _a7
_bcbc
_corignew
_d2
_encip
_f19
_gy-gencatlg
942 _2lcc
_cSPC